000 00751 a2200205 4500
001 30217
005 20260407155613.0
008 260407a1960 arg spa d
003 AR-UNSa-BCEJYS
040 _aAR-UNSa-BCEJYS
_bspa
_cAR-UNSa-BCEJYS
080 _a657.474.2
_xRelaciones entre la contabilidad comercial y la contabilidad de costes
245 1 0 _aBiblioteca de costos
_pprincipios y prácticas
264 1 _aMéxico :
_bUnión Tipográfica Editorial Hispano-Americana (UTEHA)
_c1960
300 _a446 p.
_c29 cm.
505 _a1. Costo calculado de fabricación de una máquina - 2. Estado de ganancias y pérdidas
942 _cBK
590 _aniveau_biblio:m niveau_hierar:0
100 1 _aNeuner, John J.W.
700 1 _aOrtiz, Teodoro
999 _c2055
_d2055